000 00677cam a22002413a 4500
001 1252
003 PGUSA
005 20140828082958.0
008 980301s1998||||xxu|||||s|||||000 | eng d
040 _aPGUSA
_beng
042 _adc
050 4 _aPR
100 1 _aMalory, Thomas,
_cSir,
_d1400-1470
245 1 0 _aLe Morte d'Arthur :
_bVolume 2
_h[electronic resource] /
_cThomas, Malory
260 _bProject Gutenberg,
_c1998
506 _aPublic domain in the USA.
516 _aElectronic text
653 _aArthur, King -- Legends
653 _aArthurian romances
830 0 _aProject Gutenberg
_v1252
856 4 0 _uhttp://www.gutenberg.org/ebooks/1252
942 _cEB
999 _c230600
_d230600